|
|
|
|
| LEADER |
01473nta a2200277 i 4500 |
| 001 |
dokt12416 |
| 005 |
20250701121828.0 |
| 008 |
241126s2025 hu om 000 eng d |
| 024 |
7 |
|
|a 10.14232/phd.12416
|2 doi
|
| 024 |
7 |
|
|a 36134878
|2 mtmt
|
| 040 |
|
|
|a SZTE Doktori Repozitórium
|b hun
|
| 041 |
|
|
|a eng
|
| 100 |
1 |
|
|a Kovács Norbert
|
| 245 |
1 |
0 |
|a Strategies for improved biliary interventions
|h [elektronikus dokumentum] /
|c Kovács Norbert
|
| 246 |
1 |
0 |
|a Stratégiák az epeúti beavatkozások fejlesztésére
|h [elektronikus dokumentum]
|
| 260 |
|
|
|c 2025-03-03
|
| 300 |
|
|
|a 61
|
| 502 |
|
|
|a Disszertacio
|
| 650 |
|
4 |
|a klinikai orvostudományok
|
| 650 |
|
4 |
|a Orvos- és egészségtudomány
|
| 695 |
|
|
|a epeúti beavatkozások, IOC, intraoperatív kolangiográfia, epeúti sztent, szuprapapilláris sztent, transzpapilláris sztent biliary interventions, intraoperative cholangiography, biliary stent, suprapapillary stents, transpapillary stents
|
| 700 |
0 |
1 |
|a Ábrahám Szabolcs
|e ths
|
| 856 |
4 |
0 |
|u https://doktori.bibl.u-szeged.hu/id/eprint/12416/1/Dissertation_KN_sent.pdf
|z Dokumentum-elérés
|
| 856 |
4 |
0 |
|u https://doktori.bibl.u-szeged.hu/id/eprint/12416/2/Dissertation_tezisfuzet_ENG.pdf
|z Dokumentum-elérés
|
| 856 |
4 |
0 |
|u https://doktori.bibl.u-szeged.hu/id/eprint/12416/3/Dissertation_tezisfuzet_HU.pdf
|z Dokumentum-elérés
|
| 856 |
4 |
0 |
|u https://doktori.bibl.u-szeged.hu/id/eprint/12416/4/Dissertation_appendix_IOC%20%C3%A9s%20MA%20all%20comb.pdf
|z Dokumentum-elérés
|